[Event "DEN-chT 2425 62nd"]
[Site "Denmark"]
[Date "2025.03.30"]
[Round "9.4"]
[White "Skovgaard, Peter"]
[Black "Thorsen, Adrian Stenstrop"]
[Result "1-0"]
[WhiteElo "2327"]
[BlackElo "2206"]
[PlyCount "59"]
[EventDate "2024.11.02"]
[EventType "team-tourn"]
[EventRounds "9"]
[EventCountry "DEN"]
[SourceTitle "CB16_2025"]
[SourceDate "2025.04.16"]
[SourceVersion "1"]
[SourceVersionDate "2025.04.16"]
[SourceQuality "1"]
[WhiteTeam "BMS"]
[BlackTeam "Fredericia"]
[WhiteTeamCountry "DEN"]
[BlackTeamCountry "DEN"]

1. e4 e5 2. Nf3 Nc6 3. Bc4 Bc5 4. 0-0 Nf6 5. d3 0-0 6. Bg5 h6 7. Bh4 Be7 8. Re1 d6 9. c3 Nh7 10. Bg3 Bg4 11. Nbd2 Qd7 12. h3 Bh5 13. Nxe5 Nxe5 14. Qxh5 Nxc4 15. Nxc4 f5 16. exf5 Rae8 17. Ne3 Bg5 18. f4 Bd8 19. Nc4 Nf6 20. Qg6 b5 21. Ne3 c6 22. Ng4 Kh8 23. Rxe8 Rxe8 24. Re1 Rxe1+ 25. Bxe1 Qe7 26. Bh4 Qe2 27. Bxf6 Bxf6 28. Kh2 Qf1 29. Qe8+ Kh7 30. Nxf6+ 1-0

[Event "Titled Tuesday intern op 30th Jul Early"]
[Site "Chess.com INT"]
[Date "2024.07.30"]
[Round "3"]
[White "Thorsen, Adrian Stenstrop"]
[Black "Sitbon, Itay"]
[Result "1-0"]
[WhiteElo "2226"]
[BlackElo "2213"]
[PlyCount "115"]
[EventDate "2024.07.30"]
[EventType "swiss (blitz)"]
[EventRounds "11"]
[EventCountry "USA"]
[SourceTitle "EXT 2025"]
[Source "ChessBase"]
[SourceDate "2024.10.14"]
[SourceVersion "1"]
[SourceVersionDate "2024.10.14"]
[SourceQuality "1"]

1. Nf3 g6 2. e4 c5 3. d4 cxd4 4. Qxd4 Nf6 5. e5 Nc6 6. Qa4 Nd5 7. Qb3 Nc7 8. Nc3 Bg7 9. Bf4 0-0 10. 0-0-0 Ne6 11. Bg3 Qa5 12. Rd5 Qc7 13. h4 b6 14. h5 Bb7 15. hxg6 hxg6 16. Nb5 Na5 17. Nxc7 Nxb3+ 18. axb3 Nxc7 19. Rxd7 Rac8 20. Rxe7 Be4 21. c4 b5 22. Ng5 Bf5 23. f4 a5 24. Be1 Nd5 25. Ra7 Nxf4 26. Bxa5 Bxe5 27. Bb4 bxc4 28. bxc4 Nd3+ 29. Bxd3 Bxd3 30. Bxf8 Bf4+ 31. Kd1 Bxg5 32. Bh6 Bf6 33. b3 Rd8 34. Kc1 Rb8 35. Bf4 Rd8 36. Rd1 g5 37. Ra6 Be7 38. Bd6 Bxd6 39. Rxd3 Bf4+ 40. Kc2 Re8 41. b4 Re2+ 42. Kb3 Rxg2 43. c5 g4 44. c6 g3 45. Ra8+ Kg7 46. Re8 Rf2 47. Re4 g2 48. Rxf4 Rxf4 49. Rg3+ Kf8 50. Rxg2 Ke7 51. b5 Kd6 52. Rd2+ Kc5 53. c7 Rb4+ 54. Ka3 Rxb5 55. c8Q+ Kb6 56. Rd6+ Ka5 57. Qc7+ Rb6 58. Qxb6# 1-0

[Event "Titled Tuesday intern op 30th Jul Early"]
[Site "Chess.com INT"]
[Date "2024.07.30"]
[Round "2"]
[White "Thorsen, Adrian Stenstrop"]
[Black "Yang, Kaiqi"]
[Result "0-1"]
[WhiteElo "2226"]
[BlackElo "2481"]
[PlyCount "94"]
[EventDate "2024.07.30"]
[EventType "swiss (blitz)"]
[EventRounds "11"]
[EventCountry "USA"]
[SourceTitle "EXT 2025"]
[Source "ChessBase"]
[SourceDate "2024.10.14"]
[SourceVersion "1"]
[SourceVersionDate "2024.10.14"]
[SourceQuality "1"]

1. Nf3 Nf6 2. d4 d5 3. c4 c6 4. g3 Bf5 5. Nh4 Bg4 6. h3 Bh5 7. Nc3 e6 8. g4 Bg6 9. Nxg6 hxg6 10. e4 Nxe4 11. Nxe4 dxe4 12. Bg2 Bb4+ 13. Bd2 Bxd2+ 14. Qxd2 f5 15. 0-0-0 Nd7 16. d5 exd5 17. cxd5 Ne5 18. Qf4 Qf6 19. Kb1 0-0-0 20. g5 Qe7 21. dxc6 Nxc6 22. Rc1 Qd6 23. Qe3 Qd3+ 24. Qxd3 Rxd3 25. b4 Kb8 26. Rc4 Rhd8 27. Rhc1 a6 28. a4 Rb3+ 29. Ka2 Rxb4 30. Rxb4 Nxb4+ 31. Kb3 Nc6 32. Rc5 Rd2 33. Bf1 Rxf2 34. Bxa6 Nd4+ 35. Kc4 Rc2+ 36. Kxd4 Rxc5 37. Kxc5 bxa6 38. Kd4 Kc7 39. a5 Kc6 40. h4 Kd6 41. Kc4 f4 42. Kd4 f3 43. Ke3 Ke5 44. Kf2 Kf4 45. h5 gxh5 46. g6 h4 47. Kg1 e3 0-1

[Event "Copenhagen Obro CXU op"]
[Site "Copenhagen"]
[Date "2024.07.26"]
[Round "7"]
[White "Thorsen, Adrian Stenstrop"]
[Black "Hansen, Soren Bech"]
[Result "0-1"]
[WhiteElo "2226"]
[BlackElo "2252"]
[PlyCount "61"]
[EventDate "2024.07.22"]
[EventType "swiss"]
[EventRounds "9"]
[EventCountry "DEN"]
[SourceTitle "CBM 221 Extra"]
[Source "ChessBase"]
[SourceDate "2024.09.30"]
[SourceVersion "1"]
[SourceVersionDate "2024.09.30"]
[SourceQuality "1"]

1. d4 d5 2. Nc3 Nf6 3. Bf4 c5 4. e4 cxd4 5. Qxd4 Nc6 6. Bb5 Bd7 7. Bxc6 Bxc6 8. e5 Nd7 9. e6 fxe6 10. Nf3 Qb6 11. Qd3 d4 12. Nxd4 Bxg2 13. Ndb5 e5 14. Be3 Qc6 15. Rg1 a6 16. Rxg2 axb5 17. 0-0-0 b4 18. Nb5 Rxa2 19. Kb1 Ra5 20. Na7 Qa4 21. Kc1 e6 22. Qc4 Qa1+ 23. Kd2 Rd5+ 24. Qxd5 Qxd1+ 25. Kxd1 exd5 26. f4 d4 27. Bg1 Bc5 28. Nb5 0-0 29. fxe5 Rf1+ 30. Ke2 Rxg1 31. e6 0-1

[Event "Copenhagen Obro CXU op"]
[Site "Copenhagen"]
[Date "2024.07.25"]
[Round "5"]
[White "Thorsen, Adrian Stenstrop"]
[Black "Heimisson, Hilmir Freyr"]
[Result "0-1"]
[WhiteElo "2226"]
[BlackElo "2392"]
[PlyCount "78"]
[EventDate "2024.07.22"]
[EventType "swiss"]
[EventRounds "9"]
[EventCountry "DEN"]
[SourceTitle "CBM 221 Extra"]
[Source "ChessBase"]
[SourceDate "2024.09.30"]
[SourceVersion "1"]
[SourceVersionDate "2024.09.30"]
[SourceQuality "1"]

1. d4 Nf6 2. c4 c6 3. Nf3 d5 4. g3 Bf5 5. Nc3 e6 6. Nh4 dxc4 7. Nxf5 exf5 8. e3 Nbd7 9. Bxc4 Nb6 10. Bd3 g6 11. 0-0 Bg7 12. b4 a6 13. a4 h5 14. Be2 Rc8 15. Bf3 Nfd5 16. Qb3 Nxc3 17. Qxc3 Nd5 18. Qb3 b5 19. axb5 axb5 20. Ra5 Qd7 21. Bd2 0-0 22. Ra6 Rc7 23. Rc1 Rfc8 24. Rc5 Bf8 25. Bxd5 cxd5 26. Rxd5 Qe7 27. Re5 Rc1+ 28. Bxc1 Rxc1+ 29. Kg2 Qb7+ 30. e4 Qxa6 31. exf5 Rc4 32. fxg6 fxg6 33. h4 Qc6+ 34. d5 Qd6 35. Qe3 Rxb4 36. Kh2 Qc5 37. Qf3 Rb2 38. Kg2 Qd4 39. Re6 Rxf2+ 0-1

[Event "Copenhagen Obro CXU op"]
[Site "Copenhagen"]
[Date "2024.07.23"]
[Round "2"]
[White "Meskenas, Paulius"]
[Black "Thorsen, Adrian Stenstrop"]
[Result "1/2-1/2"]
[WhiteElo "2168"]
[BlackElo "2226"]
[PlyCount "99"]
[EventDate "2024.07.22"]
[EventType "swiss"]
[EventRounds "9"]
[EventCountry "DEN"]
[SourceTitle "CBM 221 Extra"]
[Source "ChessBase"]
[SourceDate "2024.09.30"]
[SourceVersion "1"]
[SourceVersionDate "2024.09.30"]
[SourceQuality "1"]

1. e4 e5 2. Nf3 Nc6 3. Bc4 Bc5 4. c3 Nf6 5. d3 0-0 6. b4 Be7 7. Qb3 a5 8. b5 a4 9. Qc2 Na5 10. Qxa4 d5 11. exd5 Nxd5 12. Be3 Nxc4 13. Qxc4 Nxe3 14. fxe3 Be6 15. Qe4 Bd5 16. Qg4 f5 17. Qh3 Bxf3 18. Qxf3 Qxd3 19. Qe2 Qd5 20. 0-0 Bc5 21. Kh1 Rad8 22. a4 Qd3 23. Qa2+ Kh8 24. Na3 Bxe3 25. Qb3 e4 26. Nc4 Bd4 27. Rac1 Bf6 28. Rfe1 f4 29. Red1 Qe2 30. Re1 Qd3 31. Red1 Qe2 32. Re1 Qf2 33. Rxe4 f3 34. Rg4 h5 35. Rg6 Rd5 36. Qb1 Rg5 37. Rxg5 Bxg5 38. Rg1 Re8 39. Qf1 Qxf1 40. Rxf1 f2 41. g3 Re4 42. Nb2 Bd2 43. Nd1 Be1 44. Nxf2 Bxf2 45. Rxf2 Rxa4 46. Rf5 Rc4 47. Rxh5+ Kg8 48. Rd5 Rxc3 49. Kg2 Kf7 50. b6 1/2-1/2

[Event "Titled Tuesday intern op 09th Jul Early"]
[Site "Chess.com INT"]
[Date "2024.07.09"]
[Round "2"]
[White "Brozyna, Mateusz"]
[Black "Thorsen, Adrian Stenstrop"]
[Result "1-0"]
[WhiteElo "2265"]
[BlackElo "2226"]
[PlyCount "119"]
[EventDate "2024.07.09"]
[EventType "swiss (blitz)"]
[EventRounds "11"]
[EventCountry "USA"]
[SourceTitle "EXT 2025"]
[Source "ChessBase"]
[SourceDate "2024.10.14"]
[SourceVersion "1"]
[SourceVersionDate "2024.10.14"]
[SourceQuality "1"]

1. e4 c5 2. Nf3 d6 3. g3 Nf6 4. Qe2 Nc6 5. c3 e5 6. Bg2 g6 7. 0-0 Bg7 8. Rd1 0-0 9. h3 Ne8 10. Na3 f5 11. d3 f4 12. gxf4 exf4 13. d4 Qe7 14. Nc4 b5 15. Na3 a6 16. Nc2 g5 17. a4 b4 18. e5 dxe5 19. Qc4+ Kh8 20. Qxc5 Qxc5 21. dxc5 Bb7 22. Nxg5 Rf6 23. Nxb4 Rg6 24. h4 Rc8 25. Nxc6 Bxc6 26. Bxc6 Rgxc6 27. b4 Rg6 28. Kf1 Nf6 29. Rd6 Kg8 30. Rxa6 h6 31. Ne4 Rd8 32. Nxf6+ Bxf6 33. Rd6 Rc8 34. Ke2 Kf7 35. a5 Rgg8 36. h5 e4 37. Bxf4 Bxc3 38. Rb1 Rg4 39. Bd2 Be5 40. Rxh6 Rd8 41. Be3 Bd4 42. Rh7+ Ke6 43. a6 Bxe3 44. Kxe3 Rd3+ 45. Ke2 Ra3 46. a7 Rf4 47. Rb2 Kd5 48. b5 Kxc5 49. b6 e3 50. fxe3 Re4 51. Rc7+ Kd6 52. Rd2+ Ke6 53. Rd3 Ra2+ 54. Kf3 Rb4 55. b7 Rxa7 56. b8Q Rxc7 57. Qxc7 Rf4+ 58. Qxf4 Ke7 59. Rd6 Ke8 60. Qe5+ 1-0

[Event "Titled Tuesday intern op 09th Jul Late"]
[Site "Chess.com INT"]
[Date "2024.07.09"]
[Round "1"]
[White "Hungaski, Robert Andrew"]
[Black "Thorsen, Adrian Stenstrop"]
[Result "1-0"]
[WhiteElo "2471"]
[BlackElo "2226"]
[PlyCount "77"]
[EventDate "2024.07.09"]
[EventType "swiss (blitz)"]
[EventRounds "11"]
[EventCountry "USA"]
[SourceTitle "EXT 2025"]
[Source "ChessBase"]
[SourceDate "2024.10.14"]
[SourceVersion "1"]
[SourceVersionDate "2024.10.14"]
[SourceQuality "1"]

1. Nf3 Nc6 2. g3 e5 3. d3 d5 4. Bg2 Be6 5. 0-0 f6 6. e4 d4 7. Nh4 Qd7 8. f4 0-0-0 9. a3 h5 10. f5 Bf7 11. b4 Bd6 12. Nd2 Nge7 13. Nc4 g5 14. fxg6 Nxg6 15. Nf5 Be6 16. b5 Nce7 17. b6 axb6 18. Nfxd6+ Qxd6 19. Nxd6+ Rxd6 20. h4 Bg4 21. Bf3 f5 22. Bxg4 fxg4 23. Bg5 Re8 24. Rf7 Nc6 25. Qf1 Nge7 26. Rf8 Rxf8 27. Qxf8+ Kd7 28. Rf1 b5 29. Rf7 Re6 30. Qh8 b4 31. axb4 b5 32. Qxh5 Nxb4 33. Qxg4 Nbc6 34. h5 Kd6 35. Bxe7+ Nxe7 36. Qg5 Nc6 37. Rf6 Rxf6 38. Qxf6+ Kc5 39. h6 1-0

[Event "Titled Tuesday intern op 09th Jul Late"]
[Site "Chess.com INT"]
[Date "2024.07.09"]
[Round "2"]
[White "Thorsen, Adrian Stenstrop"]
[Black "Garcia Almaguer, Juan Manuel"]
[Result "0-1"]
[WhiteElo "2226"]
[BlackElo "2120"]
[PlyCount "84"]
[EventDate "2024.07.09"]
[EventType "swiss (blitz)"]
[EventRounds "11"]
[EventCountry "USA"]
[SourceTitle "EXT 2025"]
[Source "ChessBase"]
[SourceDate "2024.10.14"]
[SourceVersion "1"]
[SourceVersionDate "2024.10.14"]
[SourceQuality "1"]

1. g4 d5 2. h3 h6 3. Bg2 Nf6 4. c4 c6 5. Qb3 Na6 6. cxd5 Nxd5 7. Nc3 e6 8. a3 Be7 9. Nf3 Nf4 10. 0-0 Nc5 11. Qc2 Nxg2 12. Kxg2 h5 13. b4 Nd7 14. Bb2 hxg4 15. hxg4 Nf6 16. g5 Nd5 17. g6 Nf4+ 18. Kg3 Nxg6 19. Rh1 Qc7+ 20. Kg2 Nf4+ 21. Kg1 Rxh1+ 22. Kxh1 Bd7 23. Rg1 0-0-0 24. Rxg7 Rh8+ 25. Kg1 Qd8 26. e3 Rh3 27. exf4 Qh8 28. Rg3 Rh1+ 29. Kg2 e5 30. Nxe5 Bh3+ 31. Kf3 Qh5+ 32. Ke3 f6 33. Nc4 Re1+ 34. Kd4 c5+ 35. bxc5 Qxc5+ 36. Kd3 Bf5+ 37. Ne4 Bxe4+ 38. Kc3 Bxc2 39. Rg8+ Kd7 40. Rg7 Bf5 41. Rxe7+ Qxe7 42. a4 Rb1 0-1

[Event "Titled Tuesday intern op 02nd Jul Early"]
[Site "Chess.com INT"]
[Date "2024.07.02"]
[Round "4"]
[White "Fiorito, Francisco"]
[Black "Thorsen, Adrian Stenstrop"]
[Result "1-0"]
[WhiteElo "2406"]
[BlackElo "2226"]
[PlyCount "85"]
[EventDate "2024.07.02"]
[EventType "swiss (blitz)"]
[EventRounds "11"]
[EventCountry "USA"]
[SourceTitle "EXT 2025"]
[Source "ChessBase"]
[SourceDate "2024.10.14"]
[SourceVersion "1"]
[SourceVersionDate "2024.10.14"]
[SourceQuality "1"]

1. Nf3 Nc6 2. e4 e5 3. Nc3 Bb4 4. Nd5 Nf6 5. Bc4 Nxe4 6. 0-0 0-0 7. d4 exd4 8. Bd3 Nf6 9. Nxf6+ Qxf6 10. Ng5 g6 11. Ne4 Qe6 12. Bh6 Re8 13. Qf3 f5 14. Ng5 Qd6 15. Bc4+ Re6 16. c3 Bc5 17. b4 Ne5 18. Bxe6+ dxe6 19. Qh3 Bb6 20. Nxh7 Kxh7 21. Bf8+ Kg8 22. Bxd6 cxd6 23. cxd4 Nf7 24. Rac1 Bxd4 25. Rc7 Bb6 26. Rxf7 Kxf7 27. Qh7+ Kf6 28. h4 d5 29. Re1 a5 30. b5 a4 31. Rc1 e5 32. Qh8+ Ke6 33. Rxc8 Rxc8 34. Qxc8+ Kd6 35. Qxb7 Kc5 36. Qc6+ Kb4 37. Qxb6 d4 38. Qxg6 e4 39. Qd6+ Kc3 40. b6 d3 41. b7 d2 42. b8Q d1Q+ 43. Qxd1 1-0

[Event "Titled Tuesday intern op 25th Jun Early"]
[Site "Chess.com INT"]
[Date "2024.06.25"]
[Round "7"]
[White "Badacsonyi, Frankie"]
[Black "Thorsen, Adrian Stenstrop"]
[Result "1-0"]
[WhiteElo "2204"]
[BlackElo "2226"]
[PlyCount "105"]
[EventDate "2024.06.25"]
[EventType "swiss (blitz)"]
[EventRounds "11"]
[EventCountry "USA"]
[SourceTitle "EXT 2025"]
[Source "ChessBase"]
[SourceDate "2024.10.14"]
[SourceVersion "1"]
[SourceVersionDate "2024.10.14"]
[SourceQuality "1"]

1. d4 c5 2. d5 e5 3. e4 d6 4. Nf3 Bg4 5. Be2 Be7 6. Nfd2 Bxe2 7. Qxe2 Nd7 8. 0-0 Bg5 9. Nc4 Be7 10. a4 Nb6 11. Nbd2 Nf6 12. a5 Nxc4 13. Nxc4 Rb8 14. f4 exf4 15. Bxf4 b5 16. axb6 axb6 17. e5 dxe5 18. Bxe5 Rb7 19. d6 0-0 20. dxe7 Rxe7 21. Bxf6 Rxe2 22. Bxd8 Rxd8 23. Rf2 Re4 24. Nxb6 Rb4 25. Ra8 Rxa8 26. Nxa8 Rxb2 27. h3 Kf8 28. Nc7 Ke7 29. Nd5+ Kd6 30. Ne3 Rb1+ 31. Kh2 f6 32. Nf5+ Ke5 33. Nxg7 c4 34. Nh5 f5 35. Ng3 f4 36. Ne2 Ke4 37. Rf3 Rb2 38. Rxf4+ Ke3 39. Rxc4 Kxe2 40. Rc7 h5 41. Rc5 h4 42. Rc4 Kf2 43. Rf4+ Ke3 44. Rxh4 Rxc2 45. Ra4 Rc8 46. h4 Rh8 47. Kh3 Kf2 48. g4 Kf3 49. g5 Rh7 50. Rg4 Rc7 51. Rg3+ Kf4 52. g6 Kf5 53. g7 1-0

[Event "Titled Tuesday intern op 25th Jun Early"]
[Site "Chess.com INT"]
[Date "2024.06.25"]
[Round "9"]
[White "Carrasco Miranda, Andres"]
[Black "Thorsen, Adrian Stenstrop"]
[Result "1-0"]
[WhiteElo "2224"]
[BlackElo "2226"]
[PlyCount "69"]
[EventDate "2024.06.25"]
[EventType "swiss (blitz)"]
[EventRounds "11"]
[EventCountry "USA"]
[SourceTitle "EXT 2025"]
[Source "ChessBase"]
[SourceDate "2024.10.14"]
[SourceVersion "1"]
[SourceVersionDate "2024.10.14"]
[SourceQuality "1"]

1. Nf3 Nc6 2. d4 d5 3. e3 Bg4 4. Nbd2 Nf6 5. c4 e6 6. Bd3 Be7 7. 0-0 0-0 8. h3 Bh5 9. Re1 e5 10. cxd5 Nxd5 11. dxe5 Nxe5 12. Be4 f5 13. Qb3 fxe4 14. Nxe5 c6 15. Nxe4 Qc7 16. Ng4 Rae8 17. Ng3 Bxg4 18. hxg4 Rxf2 19. Kxf2 Bh4 20. e4 Rf8+ 21. Kg1 Bxg3 22. Bg5 Bf2+ 23. Kh1 Bxe1 24. Rxe1 Qe5 25. Bh4 Kh8 26. exd5 Qxd5 27. Qxd5 cxd5 28. Re7 b6 29. Rxa7 h6 30. Bg3 Rc8 31. Be5 Kg8 32. Rxg7+ Kf8 33. Rb7 Rc2 34. Rxb6 Kf7 35. a4 1-0

[Event "Titled Tuesday intern op 25th Jun Early"]
[Site "Chess.com INT"]
[Date "2024.06.25"]
[Round "10"]
[White "De Souza, Cristiano Gomes"]
[Black "Thorsen, Adrian Stenstrop"]
[Result "1-0"]
[WhiteElo "2018"]
[BlackElo "2226"]
[PlyCount "61"]
[EventDate "2024.06.25"]
[EventType "swiss (blitz)"]
[EventRounds "11"]
[EventCountry "USA"]
[SourceTitle "EXT 2025"]
[Source "ChessBase"]
[SourceDate "2024.10.14"]
[SourceVersion "1"]
[SourceVersionDate "2024.10.14"]
[SourceQuality "1"]

1. d4 f5 2. Nf3 Nf6 3. g3 e6 4. Bg2 d5 5. b3 Bd6 6. 0-0 0-0 7. Ba3 Bxa3 8. Nxa3 Ne4 9. c4 c6 10. Qc2 Rf6 11. Ne5 Rh6 12. f3 Nf6 13. e3 Nbd7 14. Nxd7 Bxd7 15. Rae1 Be8 16. Qc3 Bg6 17. Nc2 a5 18. Re2 Qc7 19. Ne1 a4 20. Nd3 axb3 21. axb3 Bh5 22. Ne5 Ne4 23. Qb2 Nd6 24. c5 Nb5 25. Ra1 Rxa1+ 26. Qxa1 Rf6 27. Ra2 b6 28. Ra8+ Rf8 29. Rxf8+ Kxf8 30. Qa8+ Be8 31. cxb6 1-0

[Event "Titled Tuesday intern op 25th Jun Early"]
[Site "Chess.com INT"]
[Date "2024.06.25"]
[Round "8"]
[White "Thorsen, Adrian Stenstrop"]
[Black "Wisniacki, Flavio"]
[Result "0-1"]
[WhiteElo "2226"]
[BlackElo "2247"]
[PlyCount "132"]
[EventDate "2024.06.25"]
[EventType "swiss (blitz)"]
[EventRounds "11"]
[EventCountry "USA"]
[SourceTitle "EXT 2025"]
[Source "ChessBase"]
[SourceDate "2024.10.14"]
[SourceVersion "1"]
[SourceVersionDate "2024.10.14"]
[SourceQuality "1"]

1. e4 e5 2. Nf3 Nc6 3. Bb5 a6 4. Ba4 Nf6 5. 0-0 Be7 6. d3 b5 7. Bb3 d6 8. c3 0-0 9. Re1 Re8 10. a4 Bb7 11. h3 Bf8 12. Bg5 h6 13. Bh4 Be7 14. Nbd2 Nd7 15. Bxe7 Qxe7 16. Nf1 Nc5 17. Bc2 b4 18. d4 Nd7 19. Ne3 bxc3 20. bxc3 Nd8 21. Rb1 g6 22. Nd5 Bxd5 23. exd5 Qf6 24. Qd2 Kg7 25. Re4 Re7 26. a5 c6 27. dxe5 Nxe5 28. Nxe5 Rxe5 29. Rxe5 Qxe5 30. dxc6 Nxc6 31. Rd1 Nxa5 32. Qxd6 Qxd6 33. Rxd6 Nc4 34. Rd4 Ne5 35. Ra4 Kf6 36. f4 Nd7 37. Be4 Ra7 38. Ra5 Ke6 39. Bd3 Nb8 40. Kf2 Kd6 41. g4 Kc6 42. f5 Kb6 43. Re5 a5 44. fxg6 fxg6 45. Bxg6 a4 46. Bb1 a3 47. Ba2 Nc6 48. Re2 Kc5 49. Kg3 Rd7 50. Re6 Rd3+ 51. Kh4 Rxc3 52. Rxh6 Nb4 53. Bg8 Nd5 54. Rh5 Rd3 55. Rh7 Kb6 56. Rh5 a2 57. Rxd5 Rxd5 58. Bxd5 a1Q 59. Be6 Qf6+ 60. Kh5 Qxe6 61. g5 Qxh3+ 62. Kg6 Kc6 63. Kf7 Kd7 64. g6 Qf5+ 65. Kg7 Ke7 66. Kh7 Qh5+ 0-1

[Event "Titled Tuesday intern op 18th Jun Early"]
[Site "Chess.com INT"]
[Date "2024.06.18"]
[Round "2"]
[White "Hajiyev, Kanan"]
[Black "Thorsen, Adrian Stenstrop"]
[Result "0-1"]
[WhiteElo "2109"]
[BlackElo "2226"]
[PlyCount "70"]
[EventDate "2024.06.18"]
[EventType "swiss (blitz)"]
[EventRounds "11"]
[EventCountry "USA"]
[SourceTitle "EXT 2025"]
[Source "ChessBase"]
[SourceDate "2024.10.14"]
[SourceVersion "1"]
[SourceVersionDate "2024.10.14"]
[SourceQuality "1"]

1. d4 d5 2. Nf3 Nf6 3. c4 e6 4. cxd5 exd5 5. Nc3 Be7 6. Qc2 0-0 7. Bf4 c6 8. e3 Re8 9. Bd3 Bd6 10. Bg5 h6 11. Bh4 Bg4 12. Nd2 Nbd7 13. h3 Be6 14. g4 b5 15. 0-0-0 Nb6 16. g5 hxg5 17. Bxg5 Nc4 18. e4 dxe4 19. Ndxe4 Be7 20. Nc5 Nd5 21. Bxe7 Qxe7 22. Bxc4 bxc4 23. Nxd5 cxd5 24. Rhg1 Qf6 25. Rg3 Bf5 26. Qd2 Rab8 27. Rdg1 g6 28. h4 Qxh4 29. Qg5 Qxg5+ 30. Rxg5 Bd3 31. Rxd5 Re2 32. Nxd3 cxd3 33. b3 Rxa2 34. Rg3 Rxb3 35. Rxd3 Rxd3 0-1

[Event "Titled Tuesday intern op 18th Jun Early"]
[Site "Chess.com INT"]
[Date "2024.06.18"]
[Round "3"]
[White "Thorsen, Adrian Stenstrop"]
[Black "Mullodzhanov, Nathaniel"]
[Result "1-0"]
[WhiteElo "2226"]
[BlackElo "1927"]
[PlyCount "139"]
[EventDate "2024.06.18"]
[EventType "swiss (blitz)"]
[EventRounds "11"]
[EventCountry "USA"]
[SourceTitle "EXT 2025"]
[Source "ChessBase"]
[SourceDate "2024.10.14"]
[SourceVersion "1"]
[SourceVersionDate "2024.10.14"]
[SourceQuality "1"]

1. e4 c5 2. Nf3 d6 3. c3 Nf6 4. h3 Nxe4 5. Qa4+ Nc6 6. Qxe4 g6 7. Bb5 Bd7 8. d4 a6 9. Bxc6 Bxc6 10. d5 Bb5 11. c4 Bd7 12. 0-0 Bg7 13. Nc3 0-0 14. Bf4 Bf5 15. Qe2 Re8 16. Rad1 Rb8 17. a4 e5 18. dxe6 Rxe6 19. Qd2 h5 20. Ng5 Re8 21. Qxd6 Qa5 22. Qc7 Qxc7 23. Bxc7 Rbc8 24. Bb6 Bxc3 25. bxc3 Bc2 26. Rd7 f6 27. Nf7 Bxa4 28. Rxb7 Rb8 29. Nd6 Rxb7 30. Nxb7 Bb3 31. Nd6 Re5 32. f4 Re3 33. Rf3 Re1+ 34. Kf2 Ra1 35. Bxc5 a5 36. Re3 a4 37. Nb5 Bxc4 38. Na3 Ra2+ 39. Kg3 Bd5 40. c4 Rxg2+ 41. Kh4 Bf7 42. Rg3 Re2 43. Bd4 Kg7 44. Bc3 Re4 45. Rf3 Bxc4 46. Nxc4 Rxc4 47. Kg3 g5 48. fxg5 h4+ 49. Kf2 a3 50. Bxf6+ Kg6 51. Rxa3 Rc2+ 52. Kf3 Rh2 53. Kg4 Rc2 54. Kxh4 Rc4+ 55. Kg3 Rc6 56. Rf3 Rc7 57. h4 Rh7 58. Be5 Kh5 59. Rf6 Rh8 60. Bd4 Rh7 61. Re6 Rh8 62. Rh6+ Rxh6 63. gxh6 Kg6 64. Kg4 Kh7 65. Kh5 Kg8 66. Kg6 Kf8 67. h7 Ke7 68. h8Q Ke6 69. Qe5+ Kd7 70. Qf6 1-0

[Event "Titled Tuesday intern op 18th Jun Early"]
[Site "Chess.com INT"]
[Date "2024.06.18"]
[Round "6"]
[White "Thorsen, Adrian Stenstrop"]
[Black "Tarigan, Gilbert Elroy"]
[Result "0-1"]
[WhiteElo "2226"]
[BlackElo "2357"]
[PlyCount "112"]
[EventDate "2024.06.18"]
[EventType "swiss (blitz)"]
[EventRounds "11"]
[EventCountry "USA"]
[SourceTitle "EXT 2025"]
[Source "ChessBase"]
[SourceDate "2024.10.14"]
[SourceVersion "1"]
[SourceVersionDate "2024.10.14"]
[SourceQuality "1"]

1. e4 c5 2. Nf3 Nc6 3. Bb5 e5 4. 0-0 Bd6 5. c3 a6 6. Bd3 Nge7 7. Bc2 Bc7 8. d4 cxd4 9. cxd4 exd4 10. Nxd4 0-0 11. Nc3 d5 12. exd5 Nxd5 13. Qd3 g6 14. Nxd5 Qxd5 15. Nxc6 Qxc6 16. Qe4 Qd6 17. g3 Bf5 18. Qc4 Bxc2 19. Qxc2 Bb6 20. Bf4 Qf6 21. Rac1 Rfe8 22. Rfd1 Re6 23. Re1 Rae8 24. Rxe6 Qxe6 25. a3 Qe2 26. Qxe2 Rxe2 27. Bh6 f6 28. Be3 Bxe3 29. fxe3 Rxb2 30. Rc7 a5 31. Kf1 a4 32. h4 b5 33. Ke1 h5 34. Rb7 Kf8 35. Kd1 Ke8 36. Kc1 Rb3 37. Kd2 Kd8 38. Ke2 Kc8 39. Rb6 Kc7 40. Rxf6 Rxa3 41. Rxg6 b4 42. Kd2 Ra2+ 43. Kd3 a3 44. Kc4 Rb2 45. Ra6 a2 46. e4 b3 47. Kc3 Rb1 48. e5 a1Q+ 49. Rxa1 Rxa1 50. Kxb3 Kd7 51. Kc4 Ke6 52. Kd4 Ra4+ 53. Ke3 Rg4 54. Kf3 Kxe5 55. Ke3 Kf5 56. Kf3 Ra4 0-1

[Event "Fredericia"]
[Site "Fredericia"]
[Date "2024.05.12"]
[Round "8"]
[White "Thorsen, Adrian Stenstrop"]
[Black "Ramsdal, Jens Albert"]
[Result "1-0"]
[WhiteElo "2189"]
[BlackElo "2369"]
[PlyCount "103"]
[EventDate "2024.05.08"]
[EventType "tourn"]
[EventRounds "9"]
[EventCountry "DEN"]
[EventCategory "3"]
[SourceTitle "CBM 220 Extra"]
[Source "ChessBase"]
[SourceDate "2024.07.31"]
[SourceVersion "1"]
[SourceVersionDate "2024.07.31"]
[SourceQuality "1"]

1. Nf3 Nf6 2. c4 e6 3. g3 b6 4. Bg2 Bb7 5. 0-0 Be7 6. d4 0-0 7. d5 exd5 8. Nd4 c6 9. cxd5 Nxd5 10. e4 Nc7 11. e5 f5 12. Qc2 g6 13. Bh6 Rf7 14. Rd1 Qc8 15. g4 fxg4 16. Be4 Kh8 17. Qc4 Ne6 18. Nc3 Bc5 19. Nxe6 dxe6 20. b4 Bf8 21. Bxf8 Rxf8 22. Rd6 c5 23. bxc5 bxc5 24. Rad1 Nc6 25. Rd7 Re8 26. Qxc5 Rb8 27. Nb5 Na5 28. Rc7 Bxe4 29. Rxc8 Rexc8 30. Nc7 Bf3 31. Rc1 Nc6 32. Nxe6 Ne7 33. Nc7 Nd5 34. Qxa7 Nxc7 35. h3 Nd5 36. Rxc8+ Rxc8 37. hxg4 Bxg4 38. f3 Be6 39. Qa6 Re8 40. Qc6 Re7 41. a4 Kg8 42. a5 Kf7 43. Qa8 h5 44. Qh8 Bf5 45. a6 Rc7 46. a7 Rc1+ 47. Kf2 Rc2+ 48. Ke1 Rc1+ 49. Kd2 Rc2+ 50. Kd1 Ne3+ 51. Ke1 Bd3 52. Qf6+ 1-0

[Event "Fredericia"]
[Site "Fredericia"]
[Date "2024.05.10"]
[Round "4"]
[White "Kopylov, Michael"]
[Black "Thorsen, Adrian Stenstrop"]
[Result "1-0"]
[WhiteElo "2377"]
[BlackElo "2189"]
[PlyCount "45"]
[EventDate "2024.05.08"]
[EventType "tourn"]
[EventRounds "9"]
[EventCountry "DEN"]
[EventCategory "3"]
[SourceTitle "CBM 220 Extra"]
[Source "ChessBase"]
[SourceDate "2024.07.31"]
[SourceVersion "1"]
[SourceVersionDate "2024.07.31"]
[SourceQuality "1"]

1. Nf3 d5 2. c4 d4 3. g3 Nf6 4. Bg2 c5 5. b4 e6 6. 0-0 cxb4 7. a3 Nc6 8. d3 bxa3 9. Nbd2 e5 10. Qa4 Bd7 11. Bxa3 Bxa3 12. Qxa3 Qe7 13. Rfb1 Qxa3 14. Rxa3 Rb8 15. Rab3 a5 16. Rb5 0-0 17. Nxe5 Nxe5 18. Rxe5 a4 19. Nf3 b5 20. cxb5 Rfc8 21. Nxd4 Rc3 22. b6 h5 23. b7 1-0